00353 2200145 4500001002100000005001500021035002000036245004000056100002100096300000800117260003800125082000800163084001400171990002200185INLIS00000000000237920250528114452 a0010-05250006711 aDetik Terakhir /cElberthiene Endah0 aElbertiene Endah a243 aJakarta :bElbertine Endah,c2006 a813 a813 ELB d a0713407s/d0713408